| 000 | 00436nam a22001217a 4500 | ||
|---|---|---|---|
| 005 | 20250108154638.0 | ||
| 008 | 250108b |||||||| |||| 00| 0 eng d | ||
| 020 | _a92-9225-064-7 | ||
| 050 |
_aQH 541.15.B56E972007 C.1 _b1 |
||
| 100 | _aSECRETARIAT OF THE CONVENTION ON BIOLOGICAL DIVERSTY | ||
| 245 | _aAN EXPLORATION OF TOOLS AND METHODOLOGIES FOR EVALUATION OF BIODIVERSITY AND BIODIVERSITY RESOURCES AND FUNCTIONS | ||
| 942 |
_2lcc _cBK |
||
| 999 |
_c214258 _d214258 |
||